[Event "4NCL Division 1a"]
[Site "Birmingham, ENG ENG"]
[Date "2016.01.23"]
[Round "3.141"]
[White "Zhou, Yang-Fan"]
[Black "Bauer, Christian"]
[Result "0-1"]
[WhiteElo "2458"]
[BlackElo "2619"]
[PlyCount "60"]
[EventDate "2016.01.23"]
[WhiteTeam "Guildford 2"]
[BlackTeam "3Cs 1"]

1. e4 Nc6 2. Nf3 d6 3. d4 Nf6 4. Nc3 g6 5. Be3 Bg7 6. h3 O-O 7. a4 b6 8. d5 Nb4
9. a5 bxa5 10. Rxa5 c5 11. Ra3 Ne8 12. Na4 f5 13. c3 fxe4 14. Ng5 Nd3+ 15. Bxd3
exd3 16. Qxd3 Nc7 17. h4 Bf5 18. Qd2 Rb8 19. f3 Qe8 20. c4 Rb4 21. b3 Qb8 22.
Qa2 h6 23. Nh3 e6 24. dxe6 Nxe6 25. Bd2 Nd4 26. Kf2 Nc2 27. g4 Bxg4 28. Qxc2
Rxf3+ 29. Kg2 Qb7 30. Nxc5 Rg3+ 0-1

[Event "4NCL Division 1a"]
[Site "Birmingham, ENG ENG"]
[Date "2016.01.23"]
[Round "3.142"]
[White "Gordon, Stephen J"]
[Black "Fernandez, Daniel Howard"]
[Result "1/2-1/2"]
[WhiteElo "2493"]
[BlackElo "2474"]
[PlyCount "117"]
[EventDate "2016.01.23"]
[WhiteTeam "3Cs 1"]
[BlackTeam "Guildford 2"]

1. Nf3 d5 2. d4 c6 3. c4 Nf6 4. Nc3 a6 5. a4 e6 6. g3 a5 7. Bg2 Bd6 8. O-O Nbd7
9. Nd2 O-O 10. e4 dxe4 11. Ndxe4 Nxe4 12. Nxe4 Be7 13. Bf4 Nf6 14. Nxf6+ Bxf6
15. Be5 Qe7 16. Qe2 Rd8 17. Rfd1 Bd7 18. Qe3 Be8 19. c5 Rd7 20. h4 Qd8 21. Bf3
Be7 22. h5 f6 23. Bf4 Bf7 24. Bg4 Kh8 25. Rac1 Qg8 26. Re1 Bf8 27. Qc3 Be7 28.
Rc2 f5 29. Bf3 Qd8 30. h6 Kg8 31. hxg7 Rxd4 32. Bd6 Bf6 33. Qe3 Bxg7 34. b3 Qf6
35. Rc4 Re8 36. Be2 Rxc4 37. bxc4 Qb2 38. Bd3 Bd4 39. Qg5+ Bg6 40. Re2 Qa1+ 41.
Kg2 Bf6 42. Qd2 e5 43. Re1 Qd4 44. Qe2 e4 45. Bc2 Bf7 46. Rb1 Qxc4 47. Qxc4
Bxc4 48. Rxb7 Be5 49. Bb3 Bxb3 50. Rxb3 Bxd6 51. cxd6 Rd8 52. Rc3 Rxd6 53. Rc5
Rd2 54. Rxa5 f4 55. gxf4 e3 56. Re5 Rxf2+ 57. Kg3 Ra2 58. a5 e2 59. Kf2 1/2-1/2

[Event "4NCL Division 1a"]
[Site "Birmingham, ENG ENG"]
[Date "2016.01.23"]
[Round "3.143"]
[White "Suarez Real, Alberto"]
[Black "Ashton, Adam G"]
[Result "1-0"]
[WhiteElo "2397"]
[BlackElo "2390"]
[PlyCount "119"]
[EventDate "2016.01.23"]
[WhiteTeam "Guildford 2"]
[BlackTeam "3Cs 1"]

1. e4 e5 2. Nf3 Nc6 3. d4 exd4 4. Nxd4 Bc5 5. Nxc6 Qf6 6. Qf3 bxc6 7. Nd2 a5 8.
a4 d6 9. Bd3 Be6 10. Qg3 h5 11. h3 h4 12. Qf3 Qxf3 13. Nxf3 f6 14. Bd2 Ne7 15.
Ke2 Kf7 16. c3 Bb6 17. b4 c5 18. bxc5 Bxc5 19. Nd4 Bd7 20. Bc4+ Kg6 21. Ne6 Bb6
22. Rhe1 Rhe8 23. Be3 Bxe3 24. Kxe3 Rab8 25. Nf4+ Kh7 26. Bf7 Rf8 27. Be6 Bc6
28. Reb1 g5 29. Nd5 Nxd5+ 30. exd5 Rxb1 31. Rxb1 Bxa4 32. Ra1 Bb3 33. Rxa5 Kg6
34. f4 f5 35. Ra7 c6 36. Rd7 cxd5 37. Rxd6 gxf4+ 38. Kxf4 Kg7 39. Bxf5 Bc4 40.
Kg5 Bf1 41. Rxd5 Bxg2 42. Rd7+ Rf7 43. c4 Rxd7 44. Bxd7 Kh7 45. c5 Bd5 46. Kxh4
Kg7 47. Kg5 Kh7 48. Kf6 Kh8 49. h4 Kh7 50. Ke5 Bb7 51. Bf5+ Kh6 52. Be4 Ba6 53.
c6 Kh5 54. c7 Kxh4 55. Bf5 Kg5 56. Bh3 Kg6 57. Kd6 Kf6 58. Kc6 Ke7 59. Kb6 Kd6
60. Bg4 1-0

[Event "4NCL Division 1a"]
[Site "Birmingham, ENG ENG"]
[Date "2016.01.23"]
[Round "3.144"]
[White "Longson, Alexander"]
[Black "Milliet, Sophie"]
[Result "1/2-1/2"]
[WhiteElo "2320"]
[BlackElo "2369"]
[PlyCount "70"]
[EventDate "2016.01.23"]
[WhiteTeam "3Cs 1"]
[BlackTeam "Guildford 2"]

1. e4 e5 2. Nf3 Nc6 3. Bb5 a6 4. Ba4 Nf6 5. O-O Nxe4 6. d4 b5 7. Bb3 d5 8. dxe5
Be6 9. Qe2 Be7 10. Rd1 O-O 11. c4 bxc4 12. Bxc4 Bc5 13. Be3 Bxe3 14. Qxe3 Qb8
15. Bb3 Qb6 16. Qxb6 cxb6 17. Na3 Nc5 18. Bxd5 Bxd5 19. Rxd5 Rfd8 20. Rxd8+
Rxd8 21. Nc4 b5 22. Ne3 Nd3 23. a4 Ndxe5 24. Nxe5 Nxe5 25. axb5 axb5 26. Ra5
Rb8 27. Kf1 Nd3 28. b3 h6 29. g3 b4 30. Ra1 Nc5 31. Rb1 Rd8 32. Ke1 Rd3 33. Nc2
Rxb3 34. Rxb3 Nxb3 35. Nxb4 Nd4 1/2-1/2

[Event "4NCL Division 1a"]
[Site "Birmingham, ENG ENG"]
[Date "2016.01.23"]
[Round "3.145"]
[White "Martin, Andrew D"]
[Black "Horton, Andrew P"]
[Result "1/2-1/2"]
[WhiteElo "2368"]
[BlackElo "2294"]
[PlyCount "33"]
[EventDate "2016.01.23"]
[WhiteTeam "Guildford 2"]
[BlackTeam "3Cs 1"]

1. d4 Nf6 2. c4 e6 3. Nc3 Bb4 4. e3 b6 5. Nge2 Ba6 6. Ng3 c5 7. d5 d6 8. e4 O-O
9. Be2 Re8 10. O-O Bxc3 11. bxc3 exd5 12. cxd5 Bxe2 13. Qxe2 Nxd5 14. Qf3 Ne7
15. Rd1 Nd7 16. Bf4 d5 17. exd5 1/2-1/2

[Event "4NCL Division 1a"]
[Site "Birmingham, ENG ENG"]
[Date "2016.01.23"]
[Round "3.146"]
[White "Congiu, Mathilde"]
[Black "Wall, Gavin"]
[Result "1/2-1/2"]
[WhiteElo "2267"]
[BlackElo "2336"]
[PlyCount "45"]
[EventDate "2016.01.23"]
[WhiteTeam "3Cs 1"]
[BlackTeam "Guildford 2"]

1. e4 e5 2. Nf3 d6 3. d4 exd4 4. Nxd4 Nf6 5. Nc3 Be7 6. g3 O-O 7. Bg2 Re8 8.
O-O c6 9. h3 Bf8 10. a4 Na6 11. g4 Nb4 12. Bf4 d5 13. e5 Nd7 14. Re1 f6 15.
exf6 Rxe1+ 16. Qxe1 Qxf6 17. Qe6+ Qxe6 18. Nxe6 Nxc2 19. Rd1 Nb4 20. Nc7 Rb8
21. Ne6 Ra8 22. Nc7 Rb8 23. Ne6 1/2-1/2

[Event "4NCL Division 1a"]
[Site "Birmingham, ENG ENG"]
[Date "2016.01.23"]
[Round "3.147"]
[White "Wadsworth, Matthew J"]
[Black "Abbas, Daniel"]
[Result "1/2-1/2"]
[WhiteElo "2252"]
[BlackElo "2245"]
[PlyCount "90"]
[EventDate "2016.01.23"]
[WhiteTeam "Guildford 2"]
[BlackTeam "3Cs 1"]

1. c4 c5 2. g3 Nc6 3. Bg2 g6 4. Nc3 Bg7 5. Nf3 d6 6. O-O Bf5 7. d3 Qd7 8. Rb1
Bh3 9. Bxh3 Qxh3 10. Nd5 Qd7 11. Bd2 e6 12. Bc3 f6 13. Ne3 e5 14. Nd5 Nge7 15.
b4 b6 16. bxc5 dxc5 17. e4 O-O 18. Nh4 Nxd5 19. cxd5 Nd8 20. f4 Nb7 21. f5 g5
22. Ng2 Nd6 23. h4 h6 24. Ne3 Rfc8 25. hxg5 hxg5 26. Nc4 Nxc4 27. dxc4 Kf8 28.
Kg2 Ke7 29. Rh1 Rh8 30. Qb3 Rxh1 31. Rxh1 Rh8 32. Rxh8 Bxh8 33. Qd1 Kd6 34. a4
a5 35. Qb3 Kc7 36. Kf3 Bg7 37. Kg4 Bf8 38. Qb5 Qxb5 39. axb5 Bd6 40. Kh5 Kd7
41. Kg6 Ke7 42. Kg7 Bc7 43. Bd2 Bd6 44. Bc1 Bc7 45. Ba3 Bd6 1/2-1/2

[Event "4NCL Division 1a"]
[Site "Birmingham, ENG ENG"]
[Date "2016.01.23"]
[Round "3.148"]
[White "Bentley, John L"]
[Black "Kalaiyalahan, Akshaya"]
[Result "1/2-1/2"]
[WhiteElo "2155"]
[BlackElo "2187"]
[PlyCount "56"]
[EventDate "2016.01.23"]
[WhiteTeam "3Cs 1"]
[BlackTeam "Guildford 2"]

1. d4 d5 2. c4 c6 3. Nf3 Nf6 4. e3 Bf5 5. Nc3 e6 6. Nh4 Bg6 7. Qb3 Qc7 8. Nxg6
hxg6 9. e4 dxe4 10. g3 Nbd7 11. Bg2 e5 12. Nxe4 Nxe4 13. Bxe4 exd4 14. O-O Nc5
15. Qf3 Be7 16. Bf4 Qd7 17. Rfe1 O-O 18. Rad1 Bf6 19. Bb1 Rfe8 20. Kg2 Ne6 21.
Bc1 Bg5 22. Rxe6 Qxe6 23. Bxg5 Qxc4 24. h4 Qc5 25. Qd3 Qd5+ 26. Qf3 Qc5 27. Qd3
Qd5+ 28. Qf3 Qc5 1/2-1/2